1194 1429 1049 1765 1664 1954 1316 1041 1961 1626 1002 1722 1401 1357 1443 1404 1739 1889 1002 1276 1192 1269 1036 1874 1795 1383 1650 1880 1565 1553 1610 1646 1789 1136 1188 1458 1642 1889 1037 1675 1260 1630 1163 1962 1747 1736 1470 1706 1916 1051 1255 1483 1235 1574 1133 1105 1308 1304 1246 1198 1780 1350 1315 1510 1899 1334 1070 1049 1189 1579 1873 1716 1421 1652 1285 1661 1785 1315 1067 1331 1387 1118 1484 1763 1792 1996 1025 1845 1730 1114 1346 1079 1787 1231 1220 1820 1229 1063 1106 BCNSPRNW ULIB Ver.6.0+V

เปลี่ยนเป็นภาษาไทย

Change to English
 แสดงรายละเอียดบรรณานุกรม
  กลับหน้าหลัก

Brief Record : Get Marc (ISO 2709) : E-mail record : QR code < ปิดหน้าต่าง
LEADER : 00000nam 2200000uu 4500
001    13399128386
003     ULIB
008    230725s2564||||th 000 0 tha d
020    ^a9786163986269
060 04 ^aWA308^bน179ก
100 0  ^aนพมาศ ศรีเพชรวรรณดี
245 10 ^aการบริการอนามัยครอบครัว /^cนพมาศ ศรีเพชรวรรณดี
250    ^aพิมพ์ครั้งที่ 1
260    ^aเชียงใหม่ :^bคณะพยาบาลศาสตร์ มหาวิทยาลัยเชียงใหม่,^c2564
300    ^a122 หน้า :^bภาพประกอบ ;^c25 ซม.
504    ^aมีบรรณานุกรมและดัชนี
650  4 ^aอนามัยครอบครัว
710 2  ^aมหาวิทยาลัยเชียงใหม่.^bคณะพยาบาลศาสตร์.^bโครงการตำราคณะพยาบาลศาสตร์
945    ^p180^l0^i009901
945    ^p180^l0^i009902
945    ^p180^l0^i009903
945    ^p180^l0^i009904
945    ^p180^l0^i009905
999    ^aประนอม เกษจรัล
รายการนี้ยังไม่มีแท็ก
คุณยังไม่ได้ล็อกอิน คุณสามารถมีกิจกรรมร่วมกับเว็บไซต์ได้ แต่ต้องล็อกอินก่อน ::
  ล็อกอิน

รายการสื่อสารสนเทศ

ลำดับที่ ประเภท เลขเรียก/บาร์โค้ด สถานที่ สถานะ
1. วิทยาศาสตร์การแพทย์ และสุขภาพ
หนังสือสำรอง
สถานะ=หนังสือสำรอง
WA308 น179ก ฉ.1 
  Barcode: 009901
ห้องสมุดวิทยาเขตสวรรค์ประชารักษ์
►หนังสือทั่วไป
บนชั้น
2. วิทยาศาสตร์การแพทย์ และสุขภาพ
วิทยาศาสตร์การแพทย์ และสุขภาพ
WA308 น179ก ฉ.2 
  Barcode: 009902
ห้องสมุดวิทยาเขตสวรรค์ประชารักษ์
►หนังสือทั่วไป
บนชั้น
3. วิทยาศาสตร์การแพทย์ และสุขภาพ
วิทยาศาสตร์การแพทย์ และสุขภาพ
WA308 น179ก ฉ.3 
  Barcode: 009903
ห้องสมุดวิทยาเขตสวรรค์ประชารักษ์
►หนังสือทั่วไป
บนชั้น
4. วิทยาศาสตร์การแพทย์ และสุขภาพ
วิทยาศาสตร์การแพทย์ และสุขภาพ
WA308 น179ก ฉ.4 
  Barcode: 009904
ห้องสมุดวิทยาเขตสวรรค์ประชารักษ์
►หนังสือทั่วไป
บนชั้น
5. วิทยาศาสตร์การแพทย์ และสุขภาพ
วิทยาศาสตร์การแพทย์ และสุขภาพ
WA308 น179ก ฉ.5 
  Barcode: 009905
ห้องสมุดวิทยาเขตสวรรค์ประชารักษ์
►หนังสือทั่วไป
บนชั้น

รายการใกล้เคียง
    ผู้แต่ง [นพมาศ ศรีเพชรวรรณดี]

    หัวเรื่อง [อนามัยครอบครัว]

BibComment


ยังไม่เคยถูกคอมเมนท์

คอมเมนท์ทรัพยากรรายการนี้
  คอมเมนท์: การบริการอนามัยค..


 Copyright 2026. Bcnsprnw @Library